Countries With the Most Beautiful Women - Statistics

General Stats
  • This quiz has been taken 46 times
  • The average score is 7 of 13
Answer Stats
Answer % Correct
Brazil
85%
Russia
83%
Sweden
73%
Canada
68%
India
68%
Norway
60%
Argentina
58%
Venezuela
58%
Australia
55%
Finland
48%
South Korea
40%
Iran
25%
United States
13%
No matching quizzes found
Score Distribution
Percent of People with Each Score
Percentile by Number Answered
Your Score History
You have not taken this quiz